| Tag |
First Indicator |
Second Indicator |
Subfields |
| LEADER |
00000cam a2200000Ka 4500 |
| 001 |
in00002206830 |
| 005 |
20220105185017.0 |
| 006 |
m d f |
| 008 |
060630s1999 dcu s f000 0 eng d |
| 035 |
|
|
|a (OCoLC)ocm70222481
|
| 040 |
|
|
|a GPO
|c GPO
|d MvI
|d UtOrBLW
|
| 049 |
|
|
|a WWW
|
| 074 |
|
|
|a 0535-B (online)
|
| 086 |
0 |
|
|a FT 1.33:C 82
|
| 245 |
0 |
0 |
|a Calling it cotton :
|b labeling & advertising cotton products.
|
| 264 |
|
1 |
|a [Washington, D.C.] :
|b Federal Trade Commission, Bureau of Consumer Protection, Office of Consumer & Business Education,
|c [1999]
|
| 300 |
|
|
|a 7 pages :
|b digital, PDF file.
|
| 336 |
|
|
|a text
|b txt
|2 rdacontent
|
| 337 |
|
|
|a computer
|b c
|2 rdamedia
|
| 338 |
|
|
|a unspecified
|b zu
|2 rdacarrier
|
| 490 |
1 |
|
|a Facts for business
|
| 500 |
|
|
|a "July 1999."
|
| 500 |
|
|
|a Title from title screen (viewed on June 30, 2006).
|
| 538 |
|
|
|a Mode of access: Internet from the FTC web site. Address as of 5/11/07: http://www.ftc.gov/bcp/conline/pubs/buspubs/cotton.shtm (text version), http://www.ftc.gov/bcp/conline/pubs/buspubs/cotton.pdf (PDF version); current access available via PURL.
|
| 500 |
|
|
|a Electronic resource.
|
| 650 |
|
0 |
|a Cotton textiles
|x Labeling
|z United States.
|
| 710 |
1 |
|
|a United States.
|b Federal Trade Commission.
|b Office of Consumer and Business Education.
|
| 856 |
4 |
0 |
|3 Text version:
|u http://www.ftc.gov/bcp/conline/pubs/buspubs/cotton.shtm
|t 0
|
| 856 |
4 |
0 |
|3 PDF version:
|u https://purl.fdlp.gov/GPO/LPS71520
|t 0
|
| 830 |
|
0 |
|a Facts for business.
|
| 999 |
|
|
|a MARS
|
| 999 |
f |
f |
|s fc49b082-ec0a-3656-8d88-3ae48e7ae567
|i e6af70d7-4560-35c4-93ab-20d53cd8bfa1
|t 0
|
| 952 |
f |
f |
|a Texas A&M University
|b College Station
|c Electronic Resources
|d Available Online
|t 0
|e FT 1.33:C 82
|h Superintendent of Documents classification
|
| 998 |
f |
f |
|a FT 1.33:C 82
|t 0
|l Available Online
|